Normal view
MARC view
- الاردن-تاريخ-عجلون-تاريخ
Entry Topical Term
001 - CONTROL NUMBER
- control field: 45047
003 - CONTROL NUMBER IDENTIFIER
- control field: JO-AjAnu
005 - DATE AND TIME OF LATEST TRANSACTION
- control field: 20230606081444.0
008 - FIXED-LENGTH DATA ELEMENTS
- fixed length control field: 230606|| aca||aabn | a|a d
040 ## - CATALOGING SOURCE
- Original cataloging agency: JO-AjAnu
- Transcribing agency: JO-AjAnu
150 ## - HEADING--TOPICAL TERM
- Topical term or geographic name entry element: الاردن-تاريخ-عجلون-تاريخ
670 ## - SOURCE DATA FOUND
- Source citation: Work cat.: (JO-AjAnu)23066: تاليف الغزو، حسين أحمد الحسين, author 45046, عجلون: التطور التاريخي والأدبي والواقع الاقتصادي